Easy Steps to Efective Business & Nonfiction Writing/ (Record no. 189774)

MARC details
000 -LEADER
fixed length control field 00563nam a2200181 4500
005 - DATE AND TIME OF LATEST TRANSACTION
control field 20220712160642.0
010 ## - LCCN (DPL NO)
LC control number ENG-133486
020 ## - INTERNATIONAL STANDARD BOOK NUMBER
International Standard Book Number 9788179663432
Terms of availability 150.00
035 ## - SYSTEM CONTROL NUMBER
System control number EN-117018
037 ## - SOURCE OF ACQUISITION
Source of stock number/acquisition DBAD/PUB
082 ## - DEWEY DECIMAL CLASSIFICATION NUMBER
Classification number 883.08
100 ## - MAIN ENTRY--PERSONAL NAME
Personal name Yager, Jan
245 ## - TITLE STATEMENT
Title Easy Steps to Efective Business & Nonfiction Writing/
Statement of responsibility, etc Jan Yager
260 ## - PUBLICATION, DISTRIBUTION, ETC. (IMPRINT)
Place of publication, distribution, etc Chennai
Name of publisher, distributor, etc Olivannan Gopalakrishnan
Date of publication, distribution, etc 2016
270 ## - ADDRESS
Address 15A, First Floor, Casa Major Road, Egmore
City Chennai
Postal code 600008
300 ## - PHYSICAL DESCRIPTION
Extent xxxiii, 229p.
Dimensions 21cm(pbk)
942 ## - ADDED ENTRY ELEMENTS (KOHA)
Source of classification or shelving scheme Dewey Decimal Classification
Item type English Books
Classification part 883.08
Call number suffix YAG
Holdings
Withdrawn status Lost status Not for loan Collection code Home library Current library Date acquired Source of acquisition Cost, normal purchase price Full call number Barcode Copy number Cost, replacement price Koha item type
      Non-fiction Sarojini Nagar Sarojini Nagar 12/07/2022 DBAD/PUB 150.00 883.08 YAG EN-117018 1 150.00 English Books

© Delhi Public Library
Hit Counter
free hit counter